Paroles - Drouot - Barbara - Statistiques

Statistiques générales
  • Ce quiz a été pris 13 fois
  • Le résultat moyen est 228 sur 292
Statistiques - réponses
Réponse % Correct
à
100%
années
100%
Dans
100%
dans
100%
de
100%
des
100%
Des
100%
d'osier
100%
d'osier,
100%
Elle
100%
elle
100%
femme
100%
femme,
100%
folles
100%
la
100%
là,
100%
Le
100%
le
100%
les
100%
Les
100%
nus
100%
nus,
100%
on
100%
paniers
100%
par
100%
sa
100%
salle
100%
se
100%
sur
100%
trente
100%
Un
100%
un
100%
Une
100%
une
100%
ventes
100%
vieux
100%
bois
88%
ça
88%
ce
88%
Ce
88%
déchue
88%
du
88%
Du
88%
en
88%
gloire
88%
l'entendit
88%
leva,
88%
lit
88%
marteau
88%
moi"
88%
mon
88%
ne
88%
palissandre
88%
pas
88%
passé
88%
passe
88%
passé,
88%
Que
88%
que
88%
quel
88%
qui
88%
qui,
88%
amour
75%
arbres
75%
aux
75%
Avait
75%
bijou
75%
brocantes
75%
Car
75%
c'est
75%
Comme
75%
d'antan
75%
donné
75%
enchères,
75%
et
75%
Et
75%
fond
75%
impatiente
75%
mains
75%
mémoire
75%
mémoire,
75%
novembre
75%
ont
75%
parfois,
75%
parmi
75%
passa
75%
quelques
75%
Quelques
75%
rachète
75%
seul
75%
si
75%
son
75%
Son
75%
sont
75%
surgir
75%
tout
75%
Tout
75%
trésors
75%
vendez
75%
vite
75%
vite,
75%
vous
75%
belles
63%
cassé,
63%
choses
63%
cria :
63%
déchirante
63%
dénouaient
63%
deux
63%
doigts
63%
encore,
63%
était
63%
fabuleux
63%
fiévreuse
63%
figée,
63%
fois,
63%
foule,
63%
"Je
63%
je
63%
leurs
63%
Mais
63%
mis
63%
n'est
63%
nouaient,
63%
oublié
63%
plus
63%
prends,
63%
retomba
63%
silence
63%
suppliante
63%
venait
63%
voix
63%
alors,
50%
billets,
50%
billets
50%
C'était
50%
chaque
50%
déformées,
50%
d'un
50%
entendre
50%
légendes
50%
matin,
50%
murmurent
50%
nous
50%
perdu
50%
pour
50%
puis
50%
rachètent
50%
savons
50%
secrets,
50%
ses
50%
sous,
50%
superbe
50%
tard,
50%
tremblantes
50%
trop
50%
vendre
50%
visage
50%
Bourdonnait
38%
bout
38%
chérie,
38%
dedans
38%
déjà,
38%
enlacées,
38%
Froissant
38%
image
38%
rêvé
38%
s'attendre
38%
sortit
38%
Ceux
25%
défiler
25%
Défiler
25%
d'ombres
25%
froissés,
25%
Hagarde,
25%
pleurait
25%
Près
25%
revoyait
25%
soudain
25%
Aucun quiz correspondant
Distribution des résultats
% des personnes avec chaque résultat
Percentile par nombre de réponses
Votre historique - résultats
Vous n’avez pas pris ce quiz